| 000 | 00916cam a22002774a 4500 | ||
|---|---|---|---|
| 001 | 4520219 | ||
| 005 | 20180221085853.0 | ||
| 008 | 990701s2000 caua b 001 0 eng | ||
| 010 | _a 99006723 | ||
| 020 | _a0761975667 (cloth : alk. paper) | ||
| 020 | _a0761975675 (pbk.) | ||
| 040 |
_aDLC _cDLC _dDLC |
||
| 041 | _aeng | ||
| 042 | _apcc | ||
| 043 | _an-us--- | ||
| 080 | _a371.144/0973 B DAN | ||
| 082 | 0 | 0 |
_a371.144/0973 B DAN _221 |
| 100 | 1 | _a47 | |
| 101 | _aEDU | ||
| 245 | 1 | 0 |
_aEvaluating teachers for professional growth : _cby Daniel R. Beerens. |
| 504 | _aIncludes bibliographical references (p. 158-161) and index. | ||
| 906 |
_a7 _bcbc _corignew _d1 _eocip _f19 _gy-gencatlg |
||
| 942 |
_2ddc _cBK |
||
| 999 |
_c43078 _d43078 |
||